| 000 | 00847nam a22002651 4500 | ||
|---|---|---|---|
| 001 | 8585 | ||
| 003 | BD-RjUL | ||
| 005 | 20211208234621.0 | ||
| 008 | 14 r19631962nyua b 000 0 eng | ||
| 035 | _a(BD-RjUL)8630 | ||
| 040 |
_aDLC/ICU _cICU _dDLC _dBD-RjUL _beng |
||
| 041 | _aeng | ||
| 082 | 0 | 0 |
_a537.5352 _216 _bFRM 1963 |
| 100 | 1 |
_aFrauenfelder, Hans, _d1922- _926755 |
|
| 245 | 1 | 4 |
_aThe Mössbauer effect : _ba review, with a collection of reprints / _cHans Rrauenfelder. |
| 260 |
_aNew York : _bW.A. Benjamin, _c1962 [printing 1963]. |
||
| 300 |
_a336 p. : _billus. ; _c23 cm. |
||
| 490 | 1 | _aFrontiers in physics: a lecture note and reprint series | |
| 504 | _aIncludes bibliography. | ||
| 650 | 0 |
_aMössbauer effect. _926756 |
|
| 830 | 0 |
_aFrontiers in physics. _926758 |
|
| 942 |
_2ddc _cBK |
||
| 999 |
_c8585 _d8585 |
||